American accent studies made easy for filipinos (Record no. 7093)

MARC details
000 -LEADER
fixed length control field 00641nam a22001817a 4500
003 - CONTROL NUMBER IDENTIFIER
control field OSt
005 - DATE AND TIME OF LATEST TRANSACTION
control field 20251215082501.0
008 - FIXED-LENGTH DATA ELEMENTS--GENERAL INFORMATION
fixed length control field 251215b |||||||| |||| 00| 0 eng d
040 ## - CATALOGING SOURCE
Original cataloging agency DWCL-Main lib
Transcribing agency OC
082 ## - DEWEY DECIMAL CLASSIFICATION NUMBER
Classification number Av. 428.3461 Or74a
100 ## - MAIN ENTRY--PERSONAL NAME
Personal name Orobia, Cecil Cylan Valde
245 ## - TITLE STATEMENT
Title American accent studies made easy for filipinos
Statement of responsibility, etc. Orobia, Cecil Cylan Valde
260 ## - PUBLICATION, DISTRIBUTION, ETC.
Place of publication, distribution, etc. [S.l.] :
Name of publisher, distributor, etc. American Accent Studies Made Easy for Filipinos
300 ## - PHYSICAL DESCRIPTION
Extent 162pages :
Other physical details illustration ;
Dimensions 27 cm. + 9 sound discs.
650 ## - SUBJECT ADDED ENTRY--TOPICAL TERM
Source of heading or term 1. English Language-Accent and Accentration
650 ## - SUBJECT ADDED ENTRY--TOPICAL TERM
Source of heading or term 2. English Language-Pronunciation.
942 ## - ADDED ENTRY ELEMENTS (KOHA)
Source of classification or shelving scheme Dewey Decimal Classification
Koha item type CD/DVD
Call number prefix Av.
Suppress in OPAC No
952 ## - LOCATION AND ITEM INFORMATION (KOHA)
--
Holdings
Withdrawn status Lost status Source of classification or shelving scheme Damaged status Not for loan Home library Current library Shelving location Date acquired Source of acquisition Cost, normal purchase price Total Checkouts Full call number Barcode Date last seen Copy number Price effective from Koha item type Uniform Resource Identifier
    Dewey Decimal Classification     College Library College Library Audiovisual 01/08/2008 School Fund 0.00   Av. 428.3461 Or74a 45539 12/15/2025 c1 12/15/2025 TEST